Vista completa de documento

STA |a MIBE-2023
STA |a REPO-REFI
FMT BK
LDR      nab  22      i 4500
001 000475214
005 20240111180335.0
006 m        d        
007 cr nuu---uuuuu
008 190524s2023    sp a    s     000 0 spa d
040 |a ES-MaBBE
098 |a G52 |e Riesgos y liquidez
098 |a G2 |e Sistemas bancarios y actividad crediticia
098 |a G7 |e Regulación y supervisión de instituciones financieras
24504 |a Las crisis bancarias de 2023 |h [Recurso electrónico] : |b causas y papel de los gestores bancarios, los supervisores y los reguladores / |c José Alonso, Rebeca Anguren, M.ª Cruz Manzano y Joaquín Mochón.
500 |a Artículo de revista
506 |a Acceso público y gratuito a la versión electrónica en Internet
5203 |a Los eventos observados en el año 2023 han servido como recordatorio de la rapidez con la que pueden suceder las crisis bancarias. Este artículo realiza un análisis de las raíces de los problemas que, finalmente, en un contexto de incertidumbre y de rápidos efectos de contagio, afectaron a entidades que presentaban debilidades significativas en su modelo de negocio, su gobernanza y su gestión de riesgos. El artículo también revisa las principales implicaciones para el sector bancario y para las autoridades a nivel internacional. Así, estos hechos recuerdan, de nuevo, que la actividad bancaria se debe sustentar en modelos de negocio sostenibles en el tiempo y en una apropiada gestión de riesgos. Además, se vuelve a poner de manifiesto la importancia de que la actividad supervisora esté dotada de las herramientas adecuadas para garantizar su reacción temprana y efectiva. Por último, aunque la regulación vigente ha ayudado a frenar el alcance sistémico de las crisis gracias al aumento de la resiliencia del sector bancario, reforzando así de nuevo la necesidad de implementar el marco de Basilea III, hay algunas áreas donde resulta oportuno seguir analizando el funcionamiento del marco regulatorio prudencial. [Resumen de autor] |9 [spa]
65310 |a Crisis bancarias
65310 |a Contagio
65310 |a Gestión de riesgos
65310 |a Riesgo de liquidez
65310 |a Regulación prudencial
65310 |a Solvencia
65310 |a Supervisión
7001 |a Alonso, José
7001 |a Anguren Martín, Rebeca
7001 |a Manzano, María Cruz
7001 |a Mochón, Joaquín
7102 |a Banco de España
7730 |t Revista de Estabilidad Financiera / Banco de España [Artículos] |g n. 45, otoño 2023, p. 25-50
85641 |u https://repositorio.bde.es/handle/123456789/34854 |x 37e904b5-fef3-49c6-9b9b-c85013b52c5d |z Ver en el Repositorio Institucional
TYP |a Artículo
TYP |a Recurso electronico
TYP |a EL |b Acceso
SYS 000475214

2013 Banco de España, Madrid, España. Reservados todos los derechos
Basado en Ex Libris (© 2009 Ex Libris)

Contacto